000 00404nam a2200145 i 4500
001 100753
003 ES-MaACL
007 t|
008 051005s1953 sp ||||1| spa d
100 1 _aMateo, Lope.
_978949
245 1 3 _aLa caña que piensa
_b: poemas /
_cLope Mateo.
260 _aValladolid :
_bServer-Cuesta,
_c1953.
300 _a1 lám., 314 p. ;
_c25 cm.
852 _aES-MaACL
_jC-6504
_bR.35633
999 _c100753
_d100753